Bon Jovi - Lay Your Hands On Me Lyrics Quiz - Statistics

General Stats
  • This quiz has been taken 4 times
  • The average score is 42 of 56
Answer Stats
Lyrics % Correct
Don't you know I only aim to {please}?
100%
Help me lay my {cards} out on the table
100%
If you want me to lay my hands {on} {you}
100%
If you want me to lay my hands {on} {you}
100%
Lay, lay, lay, lay, yeah (Lay {your} {hands} on me)
100%
Lay {your} {hands} on me
100%
Lay {your} {hands} on me
100%
Lay {your} {hands} on me
100%
Lay {your} {hands} on me
100%
Lay {your} {hands} on me
100%
Lay {your} {hands} on me
100%
Lay {your} {hands} on me
100%
Lay {your} {hands} on me
100%
Lay {your} {hands} on me
100%
Lay {your} {hands} on me
100%
Lay {your} {hands} on me
100%
Lay {your} {hands} on me
100%
(Lay {your} {hands} on me)
100%
Lay {your} {hands} on me
100%
Lay {your} {hands} on me
100%
(Lay {your} {hands} on me)
100%
Lay {your} {hands} on me
100%
(Lay your hands on me) {Lay} 'em on me
100%
So if you want me to lay my hands {on} {you}
100%
You gotta free your {mind}
100%
All you {gotta} {do}
75%
{All} {you} gotta do is
75%
But {satisfaction} is guaranteed
75%
{Check} this out
75%
{Come} {on}!
75%
I can show you {how} {to} {fly} and never, ever come back down
75%
If you're ready, {I'm} {willing} and able
75%
If you {show} {me} how to get up off the ground, ground, ground
75%
I'm a fighter, {I'm} {a} {poet}, I'm a preacher
75%
I've been to school and baby, I've been {the} {teacher}
75%
So, {come} {on}
75%
They say what {you} {give} is always what you need
75%
What you get {ain't} {always} what you see
75%
What you {gotta} {do} is
75%
{You're} {mine} and I'm yours for the taking
75%
But the ride don't never, ever come {for} {free}, no, no-no, no, no
50%
{Everything} you want is what I need
50%
(Lay your hands on me) I can feel my {heart} start
50%
Now {listen} up!
50%
Oh, turn {around}, now (Lay your hands on me)
50%
They say that to {really} {free} your body
50%
Your satisfaction is, uh, {guaranteed}
50%
And {everybody} {gonna} help me now
25%
(Lay your hands on me) I can feel the {people} {sing}
25%
(Lay your hands on me) If you {wanna} {lay} 'em on me, come on, now
25%
(Lay your hands on me) {Well}, come on, come on, come on
25%
Little {baby} doll (Lay your hands on me)
25%
Oh, oh, oh, {baby}
25%
Right now the rules we made {are} {meant} for breaking
25%
If you want {me} {to}, yeah
0%
Now {remember} (Lay your hands on me)
0%
No matching quizzes found
Score Distribution
Percent of People with Each Score
Percentile by Number Answered
Your Score History
You have not taken this quiz